| 000 | 00866nam a22002057a 4500 | ||
|---|---|---|---|
| 999 |
_c11138 _d11138 |
||
| 003 | AR-CdUCM | ||
| 008 | 190403b ||||| |||| 00| 0 spa d | ||
| 040 |
_aMUNICIPALIDAD PROVINCIAL DEL CUSCO _cBIBLIOTECA MUNICIPAL DEL CUSCO |
||
| 082 |
_a623.4015 / _bG78 / 1944 |
||
| 100 |
_aGray, George William, _928326 |
||
| 245 | _aLa ciencia en la guerra / | ||
| 260 |
_aMéxico D. F : _bNuevo Mundo, _c1944. |
||
| 300 |
_a354 paginas ; _c21 cm. |
||
| 505 | _aContenido : La ciencia y el guerrero -- La guerra de lo físicos -- La relación histórica entre la guerra y la ciencia -- La oficina de investigación y desarrollo científico -- Fuerza, fuerza hasta el máximo -- La guerra eléctrica... | ||
| 650 |
_aGuerra de ideas _928327 |
||
| 650 |
_aCiencia de la guerra _928328 |
||
| 650 |
_aFísica en la guerra _928329 |
||
| 942 |
_2ddc _cLIBROS |
||
| 945 | _awnts | ||